000
00327nam a2200121Ia 4500
003
GCL
008
140319s9999 xx 000 0 ara d
040
_a
GCL /
_c
GCL
082
0
4
_a
ط
_b
398.021
_b
م ق
245
1
0
_a
الراعى الجميل
260
_a
[S.N] :
_b
مكتبة مصر
490
_a
قصص واساطير الشعوب
_v
0
999
_c
34857
_d
34857